| 000 | 00996cas a22002777a 4500 | ||
|---|---|---|---|
| 005 | 20220329142354.0 | ||
| 008 | 001011u1988 mx zr pernn 0 b1spa d | ||
| 010 | _a82530 | ||
| 011 | _a83502 | ||
| 022 | _a0187-6910 | ||
| 035 | _a94015 | ||
| 245 | 0 | 0 |
_aCuadernos de Ciencias Sociales _c/por Universidad Autónoma de Baja California. Instituto de Investigaciones Sociales |
| 260 | 0 |
_aMexicali, B.C. : _bUniversidad Autónoma de Baja California. Instituto de Investigaciones Sociales, _c1988- |
|
| 300 | _av. | ||
| 310 | _aIrregular | ||
| 362 | _an.10, 1991. | ||
| 500 | _aSe dejó de recibir a partir del n.10 de 1991. | ||
| 590 |
_aBATCH-UPD _b10 _c20130110 _lUCH01 _h2340 |
||
| 590 |
_aBATCH-UPD _b10 _c20130410 _lUCH01 _h1628 |
||
| 590 |
_aBATCH-UPD _b10 _c20130914 _lUCH01 _h0938 |
||
| 590 |
_aCONVERSION _b10 _c20130109 _lUCH01 _h1346 |
||
| 650 | 1 | 4 |
_aCiencias sociales _xPublicaciones periódicas. _923233 |
| 866 | _an.2-10 (1988-1991) | ||
| 901 | _aSE | ||
| 905 | _aLilia Sánchez G. | ||
| 999 |
_c82530 _d82530 |
||